| 000 | 01073nam a2200337 a 4500 | ||
|---|---|---|---|
| 001 | 2188 | ||
| 003 | FISKH | ||
| 005 | 20231108151511.0 | ||
| 008 | 841018s1985 nyuag j 000 0 eng | ||
| 010 | _a 84082597 | ||
| 020 | _a030711631X : | ||
| 020 | _a0307606317 (lib. bdg.) | ||
| 040 |
_aDLC _cDLC _dDLC |
||
| 042 | _alcac | ||
| 050 | 0 | 0 |
_aPZ8.3.B2344 _bFo 1985 |
| 082 | 0 | 0 |
_a398/.8 _219 |
| 100 | 1 | _aBarbaresi, Nina. | |
| 245 | 1 | 2 |
_aA fox jumped up one winter's night / _cadapted and illustrated by Nina Barbaresi. |
| 250 | _aA Little Golden Book special ed. | ||
| 260 |
_aRacine : _bWestern, _c1985. |
||
| 300 |
_a24 unnumbered pages : _bcolor illustrations ; _c21 cm |
||
| 505 | _aO | ||
| 520 | _aA fox hunts down dinner for his ten kits in this illustrated nursery rhyme accompanied by a musical score. | ||
| 521 | 8 |
_a600
_bLexile estimate |
|
| 521 | 8 |
_aO
_bRaz-Plus |
|
| 650 | 0 | _aNursery rhymes. | |
| 650 | 0 | _aChildren's poetry. | |
| 650 | 1 | _aNursery rhymes. | |
| 906 |
_a7 _bcbc _corignew _d2 _eopcn _f19 _gy-gencatlg |
||
| 942 |
_2ddc _cBK _n0 |
||
| 999 |
_c2188 _d2188 |
||